States that produced the most wind energy - Statistics

General Stats
  • This quiz has been taken 13 times
  • The average score is 7 of 10
Answer Stats
Terawatt hours Answer % Correct
14.82 California
100%
124.94 Texas
91%
38.63 Oklahoma
82%
30.32 Kansas
73%
15.29 New Mexico
73%
17.6 Colorado
64%
44.31 Iowa
64%
24.43 Illinois
55%
14.93 Minnesota
45%
15.03 North Dakota
45%
No matching quizzes found
Score Distribution
Percent of People with Each Score
Percentile by Number Answered
Your Score History
You have not taken this quiz